Typology of shopping centres in Budapest

Bibliographic Details
Main Authors: Sikos, Tamás T., 1953- (Author), Hoffmann, Magdalene (Author)
Format: Book
Language:English
PhysicalDescription:22 s. grafy, mp., tab. 24 cm
Published: Komárno Research Institute, J. Selye University 2005
ISSN:1336-7870
Edition:[1. vyd.]
Series:Case studies no. 1.
Subjects:

MARC

LEADER 00000nam a2200000 a 4500
001 vtls009148055
003 SK-MaSNL
005 20260301081306.0
008 251124s2005 xo dbl g 000 0 eng
015 |a SNBA2007/11-05216 
035 |a 18A4A5D9-3F40-4FF1-B0FF-A550E64D6262 
035 |a urn:nbn:sk:snk-aml0y9 
035 |a urn:nbn:sk:snk-am008o3h 
040 |a SNK  |b slo  |c SNK  |e AACR2 
041 0 |a eng 
043 |a e-hu---  |a e-xo--- 
044 |a xo  |c SK 
072 7 |a 339  |x Obchod  |2 konspekt 
080 |a 725.214  |2 2001 
080 |a 339.378.2  |2 2001 
080 |a (439)  |2 2001 
080 |a 339.5.012.42  |2 2001 
080 |a (041)  |2 2001 
100 1 |a Sikos, Tamás T.,  |d 1953-  |4 aut  |9 54426 
245 1 0 |a Typology of shopping centres in Budapest  |c by Tamás Sikos T. and Magdalene Hoffmann 
250 |a [1. vyd.] 
260 |a Komárno  |b Research Institute, J. Selye University  |c 2005 
300 |a 22 s.  |b grafy, mp., tab.  |c 24 cm 
490 1 |a Case studies  |x 1336-7870  |v no. 1. 
504 |a Bibliogr. s. 22 
546 |a Res. angl. 
650 0 7 |a nákupné centrá  |2 SNKPH  |9 79092 
650 0 7 |a hypermarkety  |2 SNKPH  |9 17720 
650 0 7 |a voľný obchod  |2 SNKPH  |9 2199 
651 7 |a Budapešť (Maďarsko)  |2 SNKPH  |9 17734 
655 7 |a brožúry  |2 SNKPH  |9 70146 
700 1 |a Hoffmann, Magdalene  |4 aut  |9 404358 
810 2 |a J. Seley University (Komárno, Slovensko)  |t Case studies  |9 404359 
958 |a NB 
958 |a OND 
968 |d 33 
999 |c 655468  |d 657398 
952 |a SNK  |b SNK  |y PREZ  |7 0  |p 17A0564548  |o snkSC 129370  |i snk2007/21888  |8 0  |0 0  |1 0  |4 0  |d 2007-10-09  |f 1  |l 0  |r 2025-06-18 00:00:00  |w 2026-02-23 
952 |a SNK  |b SNK  |y VYP  |7 0  |p 17A0564549  |o snkSC 129370 D1  |i snk2007/21889  |8 0  |0 0  |1 0  |4 0  |d 2007-10-09  |l 0  |r 2026-02-23 18:35:24  |w 2026-02-23